Demonyms of countries ( part 6 ) - Statistics

General Stats
  • This quiz has been taken 9 times
  • The average score is 13 of 15
Answer Stats
Hint Answer % Correct
Bulgaria Bulgarian
100%
Myanmar Burmese
100%
Haiti Haitian
100%
Tunisia Tunisian
100%
Albania Albanian
89%
Angola Angolan
89%
Jordan Jordanian
89%
Kazakhstan Kazakh
89%
Libya Libyan
89%
Senegal Senegalese
89%
Slovenia Slovenian
89%
Taiwan Taiwanese
89%
Laos Laotian
78%
North Macedonia Macedonian
78%
Monaco Monégasque
56%
No matching quizzes found
Score Distribution
Percent of People with Each Score
Percentile by Number Answered
Your Score History
You have not taken this quiz